000 00492nam a2200181Ia 4500
001 20512
005 20260306172811.0
008 260306t2020||||xx |||||||||||||| ||spa||
041 _aESP
082 _a343.334
_bD44M
100 _aDefensoría del Pueblo. Adjuntía para los Derechos de la Mujer
_eAUT
245 0 _aMemoria debates defensoriales universitarios 2019
260 _c2020
300 _a67 páginas :
_c21 cm.
650 _aGEN
654 _aCDE
942 _cLIB
_dJUS
_fJUS
_2ddc
_n
999 _c20512
_d20512